| 000 | 00611nam a2200121Ia 4500 | ||
|---|---|---|---|
| 008 | 220620s9999||||xx |||||||||||||| ||und|| | ||
| 245 | 0 |
_aStar Chamber Matters _bAn Early Modern Court and Its Records |
|
| 546 | _aEnglish[eng] | ||
| 650 | _aTudor Britain||legal history||courts||medieval marriage||medieval women||rape||consent||medieval libel||Sir Edward Coke||medieval judge||Jacobean law||popular legalism||marine insurance||fraud||London history||Westminster | ||
| 700 | _aKesselring, K. J.||Mears, Natalie | ||
| 856 | _uhttps://library.oapen.org/bitstream/20.500.12657/55758/1/9781912702893.pdf | ||
| 942 | _cEB | ||
| 999 |
_c25166 _d25166 |
||